| 000 | 00683nam a2200241 a 4500 | ||
|---|---|---|---|
| 999 |
_c11737 _d11737 |
||
| 001 | 11737 | ||
| 003 | BD-JhCC | ||
| 005 | 20200810124420.0 | ||
| 008 | 200810b19512017ii |||| ||a| 001 0 eng d | ||
| 020 | _a9780007253906 | ||
| 035 | _a(BD-JhCC)11737 | ||
| 040 |
_aBD-JhCC _dBD-JhCC |
||
| 041 | _aeng | ||
| 082 |
_a954.035092 _bFIS 2017 |
||
| 100 | _aFischer, Louis | ||
| 245 |
_aThe Life Of Mahatma Gandhi / _c Louis Fischer. |
||
| 260 |
_aIndia: _bHarper collins; _c2017. |
||
| 300 |
_a671 p. : _billus; _c20 cm. |
||
| 650 | _aIndia | ||
| 651 |
_aGandhi, Mahatma, 1869-1948 _vStatesmen _xPolitics and government _yPacifists _zGerman language |
||
| 942 |
_2ddc _cBK |
||